| 000 | 00861nas a2200253 4500 | ||
|---|---|---|---|
| 001 | BR0904088 | ||
| 003 | BR-BrBNA | ||
| 005 | 20231205113236.0 | ||
| 007 | ta | ||
| 008 | 230509b bl.|||p| |||| 00| 00por d | ||
| 040 |
_aBR-BrBNA _bpor _cBiblioteca Nacional de Agricultura |
||
| 041 | _a(Pt) | ||
| 072 | _aA50; H10 | ||
| 100 | 1 | _aGabriel, D. | |
| 245 | 1 | _aAvaliação de malváceas cultivadas como hospedeiras alternativas para a reprodução do biccudo do algodoeiro Anthonomus grandis Boh, 1843, no laboratório. | |
| 650 | _aBICUDO | ||
| 650 | _aALGODÃO | ||
| 650 | _aHOSPEDEIRO | ||
| 650 | _aMALVÁCEA | ||
| 650 | _aLABORATÓRIO | ||
| 773 | 0 |
_tRevista de Sanidade Animal, Vegetal e Proteção Ambiental (Brazil) _xISSN 0020-3653 _g(Jul-Sep 2002), v. 69(3) p. 69-76 _wBR0904088 |
|
| 909 |
_a202311 _bLúcia _c55 _dLúcia Elande |
||
| 942 |
_2AGRIS _n0 _cANA |
||
| 999 |
_c202647 _d202647 |
||